LEADER 03950nam 2200565 a 450 001 9910830112203321 005 20170815095638.0 010 $a1-118-65707-1 010 $a1-118-65690-3 035 $a(CKB)2670000000325843 035 $a(EBL)1120946 035 $a(SSID)ssj0000832751 035 $a(PQKBManifestationID)11512028 035 $a(PQKBTitleCode)TC0000832751 035 $a(PQKBWorkID)10900127 035 $a(PQKB)11302481 035 $a(MiAaPQ)EBC1120946 035 $a(OCoLC)829245156 035 $a(PPN)183418433 035 $a(EXLCZ)992670000000325843 100 $a20111007d2012 uy 0 101 0 $aeng 135 $aur|n|---||||| 181 $ctxt 182 $cc 183 $acr 200 00$aBiochemical pathways$b[electronic resource] $ean atlas of biochemistry and molecular biology /$fedited by Dietmar Schomburg, Gerhard Michal 205 $a2nd ed. 210 $aHoboken, N.J. $cJohn Wiley & Sons$dc2012 215 $a1 online resource (414 p.) 300 $aDescription based upon print version of record. 311 $a0-470-14684-2 320 $aIncludes bibliographical references and index. 327 $aMachine generated contents note: Chapter 1. Introduction and general aspects, chemistry and physical chemistry Gerhard Michael and Dietmar Schomburg Chapter 2. The cell and its contents: Enzymes, nucleic acids, and polymeric carbohydrates and lipids Gerhard Michal and Dietmar Schomburg Chapter 3. General metabolism in animals, plants and bacteria 3.1 Carbohydrate Metabolism and Citrate Cycle 3.2 Amino Acids and Derivatives 3.3 Tetrapyrroles 3.4 Lipids amd Glycolipids 3.5 Steriods and Isopreniods 3.6 Nucleotides and Nucleosides 3.7 Cofactors and Vitamins 3.8 Nucleic Acid Metabolism in Bacteria 3.9 Nucleic Acid Metabolism in Eukarya 3.10 Special Bacterial Metabolism and Biosynthesis of Antimicrobials 3.11 Electron Transfer Reactions and Oxidative Phosphorylation 3.12 Photosynthesis 3.13 Plant Secondary Metabolism Chapter 4. Protein biosynthesis, modification and degradation 4.1 Protein Synthesis in Bacteria 4.2 Protein Biosynthesis in Eukarya 4.3 Cell Cycle in Eukarya 4.4 Posttranslational Modification of Proteins 4.5 Protein Folding, Transport / Targeting and Degradation Chapter 5. Viruses Klaus Klumpp Chapter 6. Transport systems 6.1 Transport Through Membranes 6.2 Transport of Lipids in Plasma 6.3 Oxygen Transport by Hemoglobin Chapter 7. Signal transduction and cellular communication Gerhard Niederfellner Chapter 8. Immune system 8.1 Components of the Immune System 8.2 Generation of a Specific Immune Response 8.3 Pathologic Immune responses 8.4 Adhesion of Leukocytes Chapter 9. Blood coagulation and fibrinolysis P. Mueller Chapter 10. Biochemical networks, bioinformatics and systems biology Dietmar Schomburg. 330 $a"Covering a wide range of subject matter, including biochemistry, molecular and cell biology, medicine, chemistry, and allied health, Biochemical Pathways is a full-color, easy-to-use resource for students and professionals. This information-packed reference features a unique summary of biochemical pathways based on the well-known Biochemical Pathways chart. Included is descriptive information about properties such as enzymes, chemicals, proteins, and DNA, all of which act together to create an elaborate chain that drives all biological functions. Completely updated, this new edition continues to play a valuable role in this important scientific field"--$cProvided by publisher. 606 $aMetabolism$vAtlases 615 0$aMetabolism 676 $a572 676 $a612.3/9 676 $a612.39 686 $aSCI007000$2bisacsh 701 $aSchomburg$b D$g(Dietmar)$01697225 701 $aMichal$b Gerhard$01697226 801 0$bMiAaPQ 801 1$bMiAaPQ 801 2$bMiAaPQ 906 $aBOOK 912 $a9910830112203321 996 $aBiochemical pathways$94077769 997 $aUNINA LEADER 02549nam0-2200301 --450 001 9910985188203321 005 20250318161020.0 010 $a88-329-8384-2 100 $a20250318d2023----kmuy0itay5050 ba 101 0 $aita 102 $aIT 105 $aa 001yy 200 1 $aDonne eccezionali$e37 storie per imparare a risorgere dalle proprie ceneri$fVittoria De Marco Veneziano 210 $aGenova$cErga$d2023 215 $a205 p.$cill.$d21 cm 225 1 $aSaggistica 330 $aTutte le donne presenti in questo libro sono personaggi che incantano perché la storia delle donne è un racconto lungo che non si può cancellare. Nella vita delle grandi figure femminili del passato e del presente riscopriamo le nostre debolezze e le nostre virtù, come la capacità di attingere – con orgoglio e senso della propria dignità – alle potenzialità tipicamente femminili: la generosità, l’intelligenza affettiva, l’abilità a immedesimarsi in un’altra persona e di calarsi nei suoi stati d’animo: come il coraggio di non lasciarsi andare, di lottare, di comprendere, di credere nel rispetto di se stesse e di rinascere a vita nuova come l’Araba Fenice dalle proprie ceneri. Il coraggio delle donne. Tutto ciò lo dobbiamo trasmettere alle nuove generazioni che devono avere memoria del passato, per vivere l’oggi e costruire il futuro. In questo libro, polisensoriale con video e approfondimenti fruibili con l’app Vesepia, sono raccolti trentasette articoli pubblicati sul quotidiano Libertà Sicilia tra il 2 agosto 2018 e il 1 settembre 2022. Nel testo – che vuole essere una continuazione di “Vivian, Maxima e le altre donne” – sono riunite trentasette storie di donne magnifiche, racconti veri di successi e fallimenti; una moltitudine di intellettuali di ieri e di oggi, che hanno fatto la storia della cultura, del sapere, della scienza, ed è proprio grazie al loro esempio e impegno comportamentale che le donne venute dopo hanno affrontato meno fatica per farsi largo e ci hanno donato il risultato del loro sapere. Donne tenaci impegnate contro l’ostracismo, i radicati pregiudizi e la società che le voleva soltanto mogli e madri. 610 0 $aDonne 610 0 $aLetteratura narrativa italiana$aSec. 21.$aBiografie 676 $a920.72$v21$zita 700 1$aDe Marco Veneziano,$bVittoria$01790861 801 0$aIT$bUNINA$gREICAT$2UNIMARC 901 $aBK 912 $a9910985188203321 952 $aDONNE 150$b789/2025$fFSPBC 959 $aFSPBC 996 $aDonne eccezionali$94327626 997 $aUNINA